| 000 | 00482 a2200157 4500 | ||
|---|---|---|---|
| 999 |
_c9509 _d9509 |
||
| 020 | _a0908312075 | ||
| 050 | _aKTZ2.23 CON 1993 | ||
| 100 |
_aRowland, J. Reid _ecompiler |
||
| 245 |
_aConsolidated index to the Zimbabwe Law reports 1984-1991 / _cCompiled by J. R. Rowland |
||
| 264 |
_aHarare : _bLegal Resources foundation, _c1993. |
||
| 300 | _a376p. : | ||
| 500 | _aConsolidated index | ||
| 650 | _aLaw reports---Zimbabwe | ||
| 651 | _aZimbabwe | ||
| 942 |
_2lcc _cBK _h2.23 _iCON _kKTZ |
||